00460 2200181 4500001002100000005001500021008004100036020001800077035001900095041000700114082001100121090001700132100004500149245002100194260002800215300001900243650001600262INLIS00000000000077920241224112229241224||||||||| | ||| |||| || |  a979-3124-00-8 0010-1224000779 aid0 a297.54 a297.54 MAU f0 aMaulana Muhammad Zakariyya Al-Kandhalawi00aFadhilah Sedekah aCirebonbPustaka Nabawi a626 hlm.;24 cm 0aAgama Islam